|
|
|
|
| LEADER |
00000nam a22000007a 4500 |
| 005 |
20200526225212.0 |
| 007 |
cr|||| |||| |
| 008 |
200526s2020 es |||||s|||| 00||0 spa d |
| 020 |
|
|
|a 978-84-1324-629-1
|
| 035 |
|
|
|a 31468
|
| 040 |
|
|
|a vLex
|
| 090 |
|
|
|c 10395
|d 10395
|
| 245 |
0 |
0 |
|a Reflexiones en las vs̕peras de la entrada en vigor de la Ley Reguladora de los Contratos de Crďito Inmobiliario
|h [Recurso electrn̤ico] /
|
| 256 |
|
|
|a Servicio en ln̕ea
|
| 260 |
|
|
|a Madrid:
|b Dykinson,
|c 2020
|
| 300 |
|
|
|a 1 recurso electrn̤ico
|
| 500 |
|
|
|a (Mesas Redondas del Colegio Notarial de Madrid. 1, 2 y 3 de abril de 2019).
|
| 506 |
1 |
|
|a Disponible solo en los productos indicados
|d vLex Global
|d vLex Global (Academic Edition, excluding Law Schools)
|d vLex Global (U.S. Academic Edition, Law Schools)
|d vLex Global (U.S. Academic Edition, excluding Law Schools)
|d vLex Global (Academic Edition, Law Schools)
|
| 650 |
0 |
4 |
|a Derecho Civil
|z Espaą
|
| 650 |
0 |
4 |
|a Resoluciones DG de los Registros y del Notariado
|z Espaą
|
| 740 |
0 |
|
|a vLex Libros (Servicio en ln̕ea)
|
| 856 |
4 |
0 |
|u http://vlex.com/source/reflexiones-visperas-entrada-vigor-ley-reguladora-contratos-credito-inmobiliario-31468
|z Acceso restringido
|
| 942 |
|
|
|c BOOK
|
| 999 |
0 |
|
|a Civil Law
|
| 999 |
0 |
|
|a DG Resolutions of Registries and Notaries
|